000 00769nam a2200253 a 4500
001 BRCA_7604
005 20190320205916.0
008 220613s1951----fr-a######---#000-0#fre-#
041 _afre
044 _afr
050 4 _aND813.G6
_b.A34 1951
100 1 _aAdhemar, Jean
_97724
245 1 0 _aLes caprices de Goya
_cpar Jean Adhémar.
260 _aParís
_bF. Hazan
_c1951
300 _axiii p.
_bil., 82 láminas
_c18 cm.
440 0 _aBibliotheque aldine des arts
_v2
_918749
500 _aIncluye bibliogfrafía sumaria, notas e índice de ilustraciones
500 _aS130
600 1 4 _aGoya y Lucientes. Francisco José de
_d1746-1828
_911075
650 1 4 _aPinturas españolas
_97789
650 1 4 _aPintores españoles
_97620
902 _aGFM
942 _2lcc
_cB
999 _c7278
_d7278